[Event "Joao Pessoa Fischer Memorial 11th"]
[Site "Joao Pessoa"]
[Date "2022.05.08"]
[Round "6"]
[White "Pereira Neto, Francisco Mota"]
[Black "Soares, Paulo Henrique Dos"]
[Result "1/2-1/2"]
[WhiteElo "1527"]
[BlackElo "1935"]
[PlyCount "49"]
[EventDate "2022.05.06"]
[EventType "swiss"]
[EventRounds "6"]
[EventCountry "BRA"]
[SourceTitle "EXT 2023"]
[Source "ChessBase"]
[SourceDate "2022.10.05"]
[SourceVersion "1"]
[SourceVersionDate "2022.10.05"]
[SourceQuality "1"]

1. d4 Nf6 2. c4 g6 3. Nc3 d5 4. cxd5 Nxd5 5. e4 Nxc3 6. bxc3 c5 7. Bc4 Bg7 8. Ne2 Nc6 9. Be3 cxd4 10. cxd4 0-0 11. 0-0 Na5 12. Rc1 Nxc4 13. Rxc4 Bd7 14. Qb3 Rc8 15. Rxc8 Bxc8 16. Rc1 Qa5 17. Qc3 Qxc3 18. Rxc3 Bg4 19. f3 Be6 20. a4 Rc8 21. Rxc8+ Bxc8 22. d5 b6 23. Nd4 Bxd4 24. Bxd4 Bd7 25. a5 1/2-1/2

[Event "Joao Pessoa Fischer Memorial 11th"]
[Site "Joao Pessoa"]
[Date "2022.05.06"]
[Round "2"]
[White "Cavalcante, Rodrigo Moreira"]
[Black "Pereira Neto, Francisco Mota"]
[Result "0-1"]
[WhiteElo "1857"]
[BlackElo "1527"]
[PlyCount "112"]
[EventDate "2022.05.06"]
[EventType "swiss"]
[EventRounds "6"]
[EventCountry "BRA"]
[SourceTitle "EXT 2023"]
[Source "ChessBase"]
[SourceDate "2022.10.05"]
[SourceVersion "1"]
[SourceVersionDate "2022.10.05"]
[SourceQuality "1"]

1. d4 Nf6 2. c4 e6 3. Nf3 d5 4. g3 dxc4 5. Bg2 Be7 6. 0-0 0-0 7. Qc2 a6 8. Qxc4 b5 9. Qc2 Bb7 10. Rd1 Nbd7 11. Nbd2 c5 12. dxc5 Nxc5 13. b4 Ncd7 14. a3 Rc8 15. Qb2 Nd5 16. Nb3 Qc7 17. Bd2 N7b6 18. Rac1 Nc4 19. Qa2 Ba8 20. Na5 Ndb6 21. Be3 Bd5 22. Qa1 Bf6 23. Bd4 Bxd4 24. Qxd4 Rfd8 25. Nxc4 Nxc4 26. Qa1 Qb7 27. Ne1 Bxg2 28. Nxg2 Qe4 29. e3 Rd3 30. Rxd3 Qxd3 31. Nf4 Qb3 32. Nh5 f6 33. Rc3 Qa4 34. Nf4 Rd8 35. Nd3 a5 36. Kg2 Rxd3 37. Rxd3 axb4 38. Qd4 Qa8+ 39. e4 bxa3 40. Rd1 Qc6 41. Ra1 Qc7 42. Qc3 Qe5 43. Rxa3 Nxa3 44. Qxa3 Qxe4+ 45. Kg1 Qa4 46. Qe7 Qd1+ 47. Kg2 Qd5+ 48. Kg1 h6 49. h4 Qd1+ 50. Kg2 Qd5+ 51. Kg1 Kh7 52. Qe8 b4 53. h5 Qe4 54. Qb5 Qb1+ 55. Kg2 b3 56. Qc4 Qc2 0-1

[Event "BRA-ch U14"]
[Site "Florianopolis"]
[Date "2018.04.29"]
[Round "3"]
[White "Pereira Neto, Francisco Mota"]
[Black "Lopes, Leonardo Borges"]
[Result "1-0"]
[WhiteElo "1807"]
[BlackElo "1302"]
[PlyCount "53"]
[EventDate "2018.04.28"]
[EventType "swiss"]
[EventRounds "6"]
[EventCountry "BRA"]
[SourceTitle "EXT 2021"]
[Source "ChessBase"]
[SourceDate "2020.10.23"]
[SourceVersion "1"]
[SourceVersionDate "2020.10.23"]
[SourceQuality "1"]

1. d4 d5 2. c4 c6 3. cxd5 cxd5 4. Nc3 Nf6 5. Nf3 e6 6. Bf4 Be7 7. e3 Nc6 8. Be2 a6 9. 0-0 b5 10. Rc1 Bb7 11. Qd2 0-0 12. Rc2 b4 13. Na4 Ne4 14. Qc1 Rc8 15. Nd2 Nxd2 16. Qxd2 b3 17. axb3 Bd6 18. Bxd6 Qxd6 19. Nc5 Rb8 20. Rfc1 Ne7 21. Qa5 Bc8 22. Nxa6 Ra8 23. Qc7 Qxc7 24. Nxc7 Ra7 25. Nb5 Rd7 26. Rc7 Rxc7 27. Rxc7 1-0

[Event "Aracaju Pitanga Memorial"]
[Site "Aracaju"]
[Date "2017.08.13"]
[Round "4"]
[White "Pereira Neto, Francisco Mota"]
[Black "Da Silva, Gabriel Santos"]
[Result "0-1"]
[WhiteElo "1795"]
[BlackElo "1788"]
[PlyCount "86"]
[EventDate "2017.08.11"]
[EventType "swiss"]
[EventRounds "5"]
[EventCountry "BRA"]
[SourceTitle "CBM 180 Extra"]
[Source "ChessBase"]
[SourceDate "2017.10.06"]
[SourceVersion "1"]
[SourceVersionDate "2017.10.06"]
[SourceQuality "1"]

1. e4 e6 2. d4 d5 3. exd5 exd5 4. c4 g6 5. b3 Nf6 6. Bb2 Bg7 7. Nf3 0-0 8. Be2 Re8 9. 0-0 Qe7 10. Re1 Bg4 11. Nbd2 Nc6 12. h3 Bf5 13. cxd5 Nxd5 14. Ba6 Qb4 15. Bc4 Nf4 16. a3 Qd6 17. Rc1 Nxd4 18. Nxd4 Bxd4 19. Bxd4 Qxd4 20. Nf3 Qxd1 21. Rexd1 c6 22. Nd4 Be4 23. f3 Bd5 24. Bxd5 Nxd5 25. Nb5 a6 26. Nd6 Re7 27. Ne4 Rae8 28. Rxd5 cxd5 29. Nf6+ Kf8 30. Nxe8 Kxe8 31. Kf2 Kd7 32. Re1 Rxe1 33. Kxe1 d4 34. Kd2 Kd6 35. b4 b5 36. f4 f6 37. g3 h6 38. Kd3 Kd5 39. g4 g5 40. f5 Ke5 41. Kd2 Ke4 42. Ke2 d3+ 43. Kd2 Kd4 0-1

[Event "Aracaju Sergipe Memorial"]
[Site "Aracaju"]
[Date "2016.08.13"]
[Round "2.4"]
[White "Pereira Neto, Francisco Mota"]
[Black "Da Silva, Luiz Felipe Lopes"]
[Result "0-1"]
[WhiteElo "1800"]
[BlackElo "1766"]
[PlyCount "74"]
[EventDate "2016.08.12"]
[EventType "swiss"]
[EventRounds "5"]
[EventCountry "BRA"]
[SourceTitle "EXT 2022"]
[Source "ChessBase"]
[SourceDate "2021.10.06"]
[SourceVersion "1"]
[SourceVersionDate "2021.10.06"]
[SourceQuality "1"]

1. c4 c5 2. Nc3 e6 3. e4 d6 4. Nf3 Nf6 5. Be2 Be7 6. d4 cxd4 7. Nxd4 Nc6 8. Be3 Qc7 9. 0-0 b6 10. Ncb5 Qb7 11. Bf3 e5 12. Nxc6 Qxc6 13. Qd3 a6 14. Nc3 Be6 15. Nd5 Bxd5 16. cxd5 Qb7 17. Rac1 0-0 18. Rc6 Nd7 19. Rfc1 Nc5 20. Bxc5 bxc5 21. Be2 Bg5 22. Rb1 Qb5 23. Qxb5 axb5 24. a3 Rfd8 25. Bxb5 Rac8 26. Rxc8 Rxc8 27. h3 Rb8 28. Bc6 Bd2 29. a4 Bb4 30. b3 g5 31. f3 h5 32. g4 h4 33. Ra1 Ba5 34. Rb1 Bb4 35. Kf2 c4 36. bxc4 Bc5+ 37. Ke2 Rxb1 0-1